[Event "Senta Fantastico IM Mix 02"]
[Site "Senta"]
[Date "2025.02.22"]
[Round "9"]
[White "Drazic, Sinisa"]
[Black "Farkas, Tibor"]
[Result "1/2-1/2"]
[WhiteElo "2270"]
[BlackElo "2208"]
[PlyCount "30"]
[EventDate "2025.02.17"]
[EventType "tourn"]
[EventRounds "9"]
[EventCountry "SRB"]
[SourceTitle "CB10_2025"]
[SourceDate "2025.03.05"]
[SourceVersion "1"]
[SourceVersionDate "2025.03.05"]
[SourceQuality "1"]

1. f4 c5 2. g3 Nc6 3. Bg2 g6 4. e4 Bg7 5. Nc3 d6 6. d3 e6 7. Nf3 Nge7 8. 0-0 0-0 9. Be3 f5 10. Qd2 Bd7 11. Rae1 Qc7 12. h3 Rae8 13. Kh2 h6 14. Bg1 Kh7 15. a3 b6 1/2-1/2

[Event "Senta Fantastico IM Mix 02"]
[Site "Senta"]
[Date "2025.02.18"]
[Round "4"]
[White "Afanasiev, Vadim"]
[Black "Farkas, Tibor"]
[Result "1-0"]
[WhiteElo "2138"]
[BlackElo "2208"]
[PlyCount "77"]
[EventDate "2025.02.17"]
[EventType "tourn"]
[EventRounds "9"]
[EventCountry "SRB"]
[SourceTitle "CB10_2025"]
[SourceDate "2025.03.05"]
[SourceVersion "1"]
[SourceVersionDate "2025.03.05"]
[SourceQuality "1"]

1. d4 f5 2. Nf3 Nf6 3. c4 g6 4. g3 Bg7 5. Bg2 0-0 6. b4 d6 7. Bb2 e6 8. Qb3 h6 9. Nc3 a5 10. b5 Nbd7 11. Rd1 Kh7 12. 0-0 Rb8 13. Ba3 b6 14. c5 bxc5 15. dxc5 dxc5 16. Ne5 Qe8 17. Nc6 Rb6 18. Na4 e5 19. Nxc5 Nxc5 20. Bxc5 Be6 21. Qa4 e4 22. Rd8 Qf7 23. Ne5 Qg8 24. Bxf8 Bxf8 25. Qxa5 Qg7 26. a4 Be7 27. Ra8 Bd6 28. Nc6 g5 29. Qc3 Nd7 30. Qxg7+ Kxg7 31. Nd4 Be5 32. Nxe6+ Rxe6 33. g4 fxg4 34. Bxe4 Bxh2+ 35. Kxh2 Rxe4 36. Rc1 Nf6 37. Rxc7+ Kg6 38. Rc6 Rxe2 39. Raa6 1-0

[Event "Senta Fantastico GM Mix 02"]
[Site "Senta"]
[Date "2025.02.16"]
[Round "9"]
[White "Farkas, Tibor"]
[Black "Kecskemeti, Arpad"]
[Result "1/2-1/2"]
[WhiteElo "2208"]
[BlackElo "2192"]
[PlyCount "55"]
[EventDate "2025.02.11"]
[EventType "swiss"]
[EventRounds "9"]
[EventCountry "SRB"]
[SourceTitle "CB09_2025"]
[SourceDate "2025.02.27"]
[SourceVersion "1"]
[SourceVersionDate "2025.02.27"]
[SourceQuality "1"]

1. e4 c5 2. Nf3 d6 3. d4 cxd4 4. Nxd4 Nf6 5. Nc3 a6 6. Be3 Ng4 7. Bc1 Nf6 8. Be3 Ng4 9. Bc1 Nf6 10. h3 e5 11. Nde2 h5 12. g3 Be7 13. Bg2 Be6 14. a4 Nbd7 15. 0-0 0-0 16. Be3 Rc8 17. Qd2 Qc7 18. Rac1 Nb6 19. b3 Rfd8 20. Nd5 Nbxd5 21. exd5 Bf5 22. c4 Ne4 23. Qd1 Nc5 24. f4 Bh7 25. f5 Bf6 26. Nc3 Qe7 27. b4 Nd7 28. Ne4 1/2-1/2

[Event "Senta Fantastico GM Mix 02"]
[Site "Senta"]
[Date "2025.02.11"]
[Round "1"]
[White "Afanasiev, Vadim"]
[Black "Farkas, Tibor"]
[Result "1/2-1/2"]
[WhiteElo "2150"]
[BlackElo "2208"]
[PlyCount "28"]
[EventDate "2025.02.11"]
[EventType "swiss"]
[EventRounds "9"]
[EventCountry "SRB"]
[SourceTitle "CB09_2025"]
[SourceDate "2025.02.27"]
[SourceVersion "1"]
[SourceVersionDate "2025.02.27"]
[SourceQuality "1"]

1. d4 Nf6 2. c4 g6 3. Nc3 Bg7 4. e4 d6 5. Nf3 0-0 6. Be2 e5 7. 0-0 Nc6 8. d5 Ne7 9. Bg5 h6 10. Bxf6 Bxf6 11. b4 a5 12. a3 axb4 13. axb4 Rxa1 14. Qxa1 Bg7 1/2-1/2

[Event "Senta Fantastico op 03"]
[Site "Senta"]
[Date "2025.02.07"]
[Round "5.9"]
[White "Farkas, Tibor"]
[Black "Citak, Selim"]
[Result "1/2-1/2"]
[WhiteElo "2208"]
[BlackElo "2374"]
[PlyCount "56"]
[EventDate "2025.02.05"]
[EventType "swiss"]
[EventRounds "9"]
[EventCountry "SRB"]
[SourceTitle "CB08_2025"]
[SourceDate "2025.02.19"]
[SourceVersion "1"]
[SourceVersionDate "2025.02.19"]
[SourceQuality "1"]

1. e4 c5 2. Nf3 d6 3. c3 Nf6 4. h3 Nc6 5. Bd3 e5 6. Bc2 d5 7. exd5 Qxd5 8. d3 Bf5 9. Nh4 Be6 10. Bg5 0-0-0 11. Nd2 Be7 12. Nhf3 h6 13. Bxf6 gxf6 14. Qe2 Rhg8 15. g3 f5 16. 0-0-0 Bf6 17. Nb3 a5 18. a4 b6 19. Nfd2 Kb7 20. Kb1 Qd7 21. Nc4 Rge8 22. Na3 Bg7 23. Nd2 f4 24. g4 f5 25. gxf5 Bxf5 26. Ne4 Bxh3 27. Nd6+ Qxd6 28. Rxh3 Qd5 1/2-1/2

[Event "Senta Fantastico op 03"]
[Site "Senta"]
[Date "2025.02.05"]
[Round "1.10"]
[White "Farkas, Tibor"]
[Black "Nigametzianov, Mikhail"]
[Result "0-1"]
[WhiteElo "2208"]
[BlackElo "2399"]
[PlyCount "90"]
[EventDate "2025.02.05"]
[EventType "swiss"]
[EventRounds "9"]
[EventCountry "SRB"]
[SourceTitle "CB08_2025"]
[SourceDate "2025.02.19"]
[SourceVersion "1"]
[SourceVersionDate "2025.02.19"]
[SourceQuality "1"]

1. e4 e6 2. d4 d5 3. Nc3 dxe4 4. Nxe4 Bd7 5. Nf3 Bc6 6. Bd3 Nd7 7. 0-0 Ngf6 8. Ned2 Be7 9. a4 0-0 10. c3 a5 11. Nc4 Bd5 12. Nce5 c5 13. Be3 cxd4 14. Bxd4 Nc5 15. Bc2 Qc7 16. Re1 Rad8 17. Nd2 Ncd7 18. Ndf3 Nxe5 19. Nxe5 Bc5 20. Bxc5 Qxc5 21. Qe2 Nd7 22. Qd3 g6 23. Nxd7 Rxd7 24. Qe3 Qxe3 25. fxe3 Rd6 26. Rad1 Rb6 27. b3 Rc8 28. c4 Bc6 29. e4 e5 30. Rd6 Kf8 31. Rf1 Ke7 32. Rdf6 Rf8 33. R1f3 Rb4 34. g4 Bd7 35. g5 Be6 36. Rd3 h6 37. h4 hxg5 38. hxg5 Rh8 39. Rf2 Rh4 40. Rc3 Kd6 41. c5+ Kc6 42. Bd3 Rxb3 43. Bb5+ Kc7 44. Rxb3 Bxb3 45. Rd2 Be6 0-1

[Event "SRB-chT Premier"]
[Site "Bajina Basta"]
[Date "2024.09.30"]
[Round "4.4"]
[White "Farkas, Tibor"]
[Black "Damljanovic, Branko"]
[Result "1/2-1/2"]
[WhiteElo "2209"]
[BlackElo "2354"]
[PlyCount "109"]
[EventDate "2024.09.27"]
[EventType "team-tourn"]
[EventRounds "11"]
[EventCountry "SRB"]
[SourceTitle "EXT 2025"]
[Source "ChessBase"]
[SourceDate "2024.10.14"]
[SourceVersion "1"]
[SourceVersionDate "2024.10.14"]
[SourceQuality "1"]
[WhiteTeam "Bajsa Lajos Segi"]
[BlackTeam "Kac Jugovic"]
[WhiteTeamCountry "SRB"]
[BlackTeamCountry "SRB"]

1. e4 c5 2. Nf3 Nc6 3. d4 cxd4 4. Nxd4 Nf6 5. Nc3 h5 6. f3 e5 7. Nb3 Bb4 8. Bd2 Bxc3 9. Bxc3 d5 10. exd5 Nxd5 11. Qd2 Nxc3 12. Qxc3 0-0 13. Bd3 Qh4+ 14. g3 Qg5 15. Qd2 Qxd2+ 16. Nxd2 Nb4 17. Ke2 Rd8 18. Rhd1 b6 19. Ne4 Nxd3 20. cxd3 Ba6 21. Rac1 Rd7 22. Rc3 Rad8 23. h4 f6 24. Rd2 Bb5 25. Rb3 a6 26. Rc3 Kf7 27. Ke3 Ke7 28. b3 a5 29. a3 Ba6 30. Nf2 Bb7 31. f4 Ke6 32. fxe5 Kxe5 33. Re2 Kf5 34. Rc4 g5 35. hxg5 fxg5 36. Kd2 Bd5 37. Rc3 g4 38. d4 Bf3 39. Re5+ Kg6 40. Rce3 Rxd4+ 41. Kc3 R4d5 42. Nd3 Rc8+ 43. Kb2 Rxe5 44. Nxe5+ Kg5 45. Nxf3+ gxf3 46. Rxf3 Rc5 47. a4 Rf5 48. Rd3 Kg4 49. Rd6 Kxg3 50. Rg6+ Kf4 51. Rxb6 h4 52. b4 axb4 53. Kb3 h3 54. Rh6 Kg3 55. Kxb4 1/2-1/2

[Event "HUN-chT 2324"]
[Site "Hungary"]
[Date "2024.04.21"]
[Round "7.9"]
[White "Farkas, Tibor"]
[Black "Arvai, Eszter"]
[Result "1-0"]
[WhiteElo "2210"]
[BlackElo "1865"]
[PlyCount "75"]
[EventDate "2023.10.28"]
[EventType "team-tourn"]
[EventRounds "9"]
[EventCountry "HUN"]
[SourceTitle "EXT 2025"]
[Source "ChessBase"]
[SourceDate "2024.10.14"]
[SourceVersion "1"]
[SourceVersionDate "2024.10.14"]
[SourceQuality "1"]
[WhiteTeam "Mako Duocor"]
[BlackTeam "Tapolca Varos"]
[WhiteTeamCountry "HUN"]
[BlackTeamCountry "HUN"]

1. e4 c5 2. Nf3 e6 3. d4 cxd4 4. Nxd4 Nf6 5. Nc3 d6 6. Be3 a6 7. Qd2 Be7 8. f3 b5 9. a3 Bb7 10. g4 Nfd7 11. 0-0-0 Nc6 12. h4 Nce5 13. g5 Nb6 14. f4 Nec4 15. Bxc4 Nxc4 16. Qe1 Qc7 17. Rh3 Rc8 18. Bg1 0-0 19. f5 Qd7 20. Qe2 d5 21. fxe6 fxe6 22. Qg4 Ne5 23. Qxe6+ Qxe6 24. Nxe6 Rf3 25. Rxf3 Nxf3 26. exd5 Bxa3 27. bxa3 Rxc3 28. Bc5 Bc8 29. Kb2 Rc4 30. h5 g6 31. hxg6 hxg6 32. Bb4 Ne5 33. Rf1 Nf7 34. Rf6 Ne5 35. Rf8+ Kh7 36. Bc3 Bxe6 37. dxe6 Re4 38. e7 1-0

[Event "HUN-chT2 Toth 2324"]
[Site "Hungary"]
[Date "2024.04.07"]
[Round "7.1"]
[White "Farkas, Tibor"]
[Black "Kelly, Laszlo Endre"]
[Result "1-0"]
[WhiteElo "2201"]
[BlackElo "2201"]
[PlyCount "93"]
[EventDate "2023.10.08"]
[EventType "team-tourn"]
[EventRounds "9"]
[EventCountry "HUN"]
[SourceTitle "EXT 2025"]
[Source "ChessBase"]
[SourceDate "2024.10.14"]
[SourceVersion "1"]
[SourceVersionDate "2024.10.14"]
[SourceQuality "1"]
[WhiteTeam "Mako Duocor II"]
[BlackTeam "Gyula"]
[WhiteTeamCountry "HUN"]
[BlackTeamCountry "HUN"]

1. e4 c6 2. d4 d5 3. e5 c5 4. dxc5 e6 5. Nf3 Bxc5 6. Bd3 Nc6 7. a3 f6 8. b4 Bb6 9. Bb2 Bc7 10. exf6 Nxf6 11. 0-0 0-0 12. Nbd2 a6 13. c4 Bd7 14. Qb3 Be8 15. Rae1 Bf7 16. g3 d4 17. Ng5 Qd7 18. Nde4 Nxe4 19. Bxe4 h6 20. Nxf7 Rxf7 21. c5 Re7 22. Bxc6 bxc6 23. Re4 Qd5 24. Qxd5 cxd5 25. Rxd4 Be5 26. Rd2 Bf6 27. f4 Rd8 28. Re1 Kf7 29. Be5 Bxe5 30. Rxe5 g6 31. g4 Rc7 32. f5 gxf5 33. gxf5 Kf6 34. Rxe6+ Kxf5 35. Rxa6 Ke5 36. Rxh6 d4 37. c6 d3 38. b5 Kd4 39. Rg2 Re7 40. Rf6 Kc3 41. Rf3 Kc4 42. b6 d2 43. Rxd2 Rxd2 44. c7 Rd1+ 45. Kg2 Rd2+ 46. Rf2 Rg7+ 47. Kf1 1-0

[Event "HUN-chT2 Toth 2324"]
[Site "Hungary"]
[Date "2023.10.29"]
[Round "2.1"]
[White "Csvila, Gabor"]
[Black "Farkas, Tibor"]
[Result "1-0"]
[WhiteElo "2121"]
[BlackElo "2210"]
[PlyCount "137"]
[EventDate "2023.10.08"]
[EventType "team-tourn"]
[EventRounds "9"]
[EventCountry "HUN"]
[SourceTitle "EXT 2025"]
[Source "ChessBase"]
[SourceDate "2024.10.14"]
[SourceVersion "1"]
[SourceVersionDate "2024.10.14"]
[SourceQuality "1"]
[WhiteTeam "Egyetem Neumann"]
[BlackTeam "Mako Duocor II"]
[WhiteTeamCountry "HUN"]
[BlackTeamCountry "HUN"]

1. d4 Nf6 2. c4 g6 3. Nc3 Bg7 4. e4 d6 5. f3 0-0 6. Bg5 a6 7. Nge2 Nbd7 8. Qd2 c5 9. d5 Qa5 10. Nc1 b5 11. cxb5 axb5 12. Nxb5 Qb6 13. a4 Ba6 14. Rb1 Rfe8 15. Be2 Ne5 16. Be3 Rec8 17. 0-0 Qd8 18. Na2 e6 19. Nac3 exd5 20. exd5 Ne8 21. Ne4 Qe7 22. Rbe1 Bxb5 23. axb5 Qb7 24. f4 Ra4 25. Qc2 Rxe4 26. Qxe4 f5 27. Qc2 Nf7 28. Bc4 Nf6 29. Bd2 Nxd5 30. Bxd5 Qxd5 31. Bc3 Bd4+ 32. Bxd4 Qxd4+ 33. Qf2 Qxf2+ 34. Rxf2 Rb8 35. Re7 Rxb5 36. Rd7 Rb8 37. Re2 Rf8 38. Ree7 h6 39. h4 h5 40. b3 Kg7 41. Rxd6 Rb8 42. Rdd7 Rf8 43. Kf2 Kf6 44. Re3 Rb8 45. Rc7 Rb6 46. Rxc5 Nd6 47. Rd5 Ne4+ 48. Ke2 Rc6 49. b4 Nc3+ 50. Rxc3 Rxc3 51. Rd3 Rc4 52. Rb3 Rxf4 53. g3 Re4+ 54. Kf3 g5 55. hxg5+ Kxg5 56. b5 Re7 57. b6 Rb7 58. Rb5 Kf6 59. Kf4 Kg6 60. Rb3 Kf6 61. Rb4 Rg7 62. Rb5 Rb7 63. Rxf5+ Kg6 64. Rb5 Kh6 65. Ke4 Rb8 66. b7 Kg6 67. Kd5 Kg5 68. Kc6+ Kg4 69. Kc7 1-0